| 000 | 01348nam a22003375a 4500 | ||
|---|---|---|---|
| 003 | EG-ScBUE | ||
| 005 | 20211123114407.0 | ||
| 008 | 170718s2014 ua f b 000 0dara d | ||
| 017 | _a2014 / 25358 | ||
| 020 | _a9789779200101 | ||
| 040 |
_aEG-ScBUE _bara _erda _cEG-ScBUE _dEG-ScBUE |
||
| 082 | 0 | 4 |
_222 _a892.709354 _bق ا س |
| 100 | 1 |
_aقاسم، سيزا، _eمؤلف. |
|
| 245 | 1 | 0 |
_aطوق الحمامة في الألفة والألاف لابن حزم الأندلسي : _bتحليل ومقارنة / _cسيزا قاسم. |
| 250 | _aالطبعة الأولى. | ||
| 264 | 1 |
_aالقاهرة : _bالمجلس الأعلى للثقافة، _c2014. |
|
| 300 |
_a471 صفحة ؛ _c24 سم |
||
| 336 |
_2rdacontent _aنص _btxt |
||
| 337 |
_2rdamedia _aبدون وسيط _bn |
||
| 338 |
_2rdacarrier _aمجلد _bnc |
||
| 504 | _aيشتمل على إرجاعات ببليوجرافية. | ||
| 590 | _aدعاء | ||
| 600 | 1 | 7 |
_2BUEsh _aابن حزم، علي بن أحمد، _d994-1064. _tطوق الحمامة. |
| 600 | 1 | 7 |
_2BUEsh _aابن حزم، علي بن أحمد، _d994-1064. _xنقد وتفسير. |
| 650 | 7 |
_aالحب في الأدب العربي. _2BUEsh |
|
| 650 | 7 |
_aالأدب العربي _xتاريخ ونقد. _2BUEsh _913631 |
|
| 651 | _2BUEsh | ||
| 653 |
_bGGEN _cJuly2017 |
||
| 655 |
_vReading book _934232 |
||
| 942 | _2ddc | ||
| 999 |
_c25049 _d25021 |
||